[Event "Vecernjakov GP"]
[Site "Sarajevo"]
[Date "1998.04.08"]
[Round "7"]
[White "Kozul, Zdenko"]
[Black "Nurkic, Sahbaz"]
[Result "1-0"]
[WhiteElo "2585"]
[BlackElo "2460"]

1.d4 Nf6 2.Nf3 g6 3.c4 Bg7 4.Nc3 O-O 5.e4 d6 6.Be2 e5 7.O-O Nc6 8.d5 Ne7
9.Ne1 Nd7 10.Nd3 f5 11.Bd2 Nf6 12.f3 f4 13.c5 g5 14.cxd6 cxd6 15.Nf2 Rf7
16.Qc2 h5 17.Nb5 Ng6 18.Rfc1 Ne8 19.a4 Bf8 20.Ra3 Rg7 21.h3 Bd7 22.Rc3 Nh4
23.Nc7 Nxc7 24.Rxc7 g4 25.fxg4 f3 26.gxf3 Rf7 27.Rc3 Ng6 28.g5 Nf4 29.Bxf4 Rxf4
30.Kh2 Qb6 31.Bb5 Bxb5 32.axb5 Qxb5 33.Kg2 Qd7 34.Rc8 Rxc8 35.Qxc8 Qg7 36.h4 Rxh4
37.Nh3  1-0

[Event "Neckar op 2nd"]
[Site "Deizisau"]
[Date "1998.04.09"]
[Round "5"]
[White "Berezovsky, Igor"]
[Black "Schwarz, Arndt Ruediger"]
[Result "1-0"]
[WhiteElo "2375"]
[BlackElo "2140"]

1.d4 Nf6 2.c4 g6 3.Nc3 Bg7 4.e4 d6 5.Nf3 O-O 6.Be2 e5 7.O-O Nc6 8.d5 Ne7
9.Ne1 Nd7 10.Be3 f5 11.f3 f4 12.Bf2 g5 13.Rc1 Ng6 14.c5 Nxc5 15.b4 Na6 16.Nb5 Bd7
17.a3 Rf7 18.Rc3 h5 19.Qc2 Bf8 20.Qc1 g4 21.Kh1 g3 22.Bg1 Bc8 23.Qc2 Rg7
24.Bd3 Nh4 25.Qa2 Bd7 26.Rc2 Rh7 27.Nxa7 Kh8 28.Qb2 Bh6 29.Bb5 gxh2 30.Bf2 Ng6
31.Bxd7 Qxd7 32.Qb3 h4 33.Qd3 h3 34.Qb5 hxg2+ 35.Nxg2 Qh3 36.Qxb7 Rg8 37.Be1 Bg5
38.Qxa6 Bh4 39.Bc3 Be7 40.Rff2 Rhg7 41.Qf1 Nh4 42.Nc6 Bf6 43.a4 Rg3 44.Be1 Ng6  1-0

[Event "St Petersburg-ch"]
[Site "St Petersburg"]
[Date "1998.04.09"]
[Round "3"]
[White "Ionov, Sergey"]
[Black "Loginov, Valery A"]
[Result "1-0"]
[WhiteElo "2530"]
[BlackElo "2500"]

1.Nf3 Nf6 2.c4 g6 3.Nc3 Bg7 4.e4 d6 5.d4 O-O 6.Be2 e5 7.O-O Nc6 8.d5 Ne7
9.b4 Nh5 10.Re1 h6 11.c5 f5 12.cxd6 cxd6 13.Nd2 Nf6 14.b5 Kh8 15.Ba3 fxe4
16.Ndxe4 Nexd5 17.Bxd6 Nxc3 18.Nxc3 Re8 19.Bxe5 Qxd1 20.Bxd1 Bf5 21.Bf3 Rad8
22.Bxb7 Rxe5 23.Rxe5 Ng4 24.Rc5 Bd4 25.Rc4 Bxf2+ 26.Kh1 Bb6 27.h3 Ne5 28.Rf4 Nd3
29.Rc4 Ne5 30.Ra4 Bd4 31.Rxd4 Rxd4 32.Re1 Nd7 33.Re7 h5 34.Bc6 Kg8 35.Re8+ Kf7
36.Ra8 Rd3 37.Rxa7 Ke7 38.Nd5+ Kd6 39.Nf4 Rd4 40.Bxd7 Bxd7 41.Nxg6 Bxb5 42.Rh7 Be2
43.Rh6 Kc5 44.Nf8 Ra4 45.Ne6+ Kd5 46.Ng7 Rxa2 47.Nxh5 Ke5 48.Rh8 Bc4 49.Re8+ Kd4
50.Nf4 Rf2 51.Ne6+ Kc3 52.Ng5 Kd3 53.Kg1 Ra2 54.Re5 Ba6 55.Ne6 Bb7 56.Nf4+ Kd4
57.Re7 Be4 58.Kh2 Ra8 59.Ne6+ Kc3 60.Kg3 Ra2 61.Nf4 Kd4 62.h4 Bf5 63.h5 Ra8
64.Kh4 Rg8 65.Ng6 Bxg6 66.hxg6 Rxg6 67.g4 Rh6+ 68.Kg5 Rh1 69.Kg6 Kd5 70.g5 Kd6
71.Re3 Rg1 72.Kf6 Rf1+ 73.Kg7 Rg1 74.g6 Rh1 75.Kf7 Rf1+ 76.Kg8 Rg1 77.g7 Rh1
78.Re4 Kd5 79.Rg4  1-0

[Event "Dreifluesse op"]
[Site "Passau"]
[Date "1998.04.11"]
[Round "4"]
[White "Martin, Hans"]
[Black "Koelbl, Stefan"]
[Result "1/2-1/2"]
[WhiteElo "1800"]
[BlackElo "1630"]

1.d4 Nf6 2.c4 g6 3.Nc3 Bg7 4.e4 d6 5.Nf3 O-O 6.Be2 Nc6 7.O-O e5 8.d5 Ne7
9.Nd2 Nd7 10.a3 a5 11.Rb1 f5 12.b4 b6 13.f3 f4 14.Nb3 h5 15.c5 Nf6 16.cxd6 cxd6
17.Nb5 g5 18.Qc2 Ba6 19.Nc7 Rc8 20.Bxa6 Rxc7 21.Qd3 axb4 22.axb4 Ra7 23.Ra1 Nd7
24.Bb2 Nb8 25.Bb5 Rxa1 26.Rxa1 g4 27.Nd2 Bf6 28.Bc6 Nbxc6 29.dxc6 Qc7 30.b5 Kh7
31.Nc4 Nc8 32.Rd1 Rd8 33.Ba3 Be7 34.Qd5 gxf3 35.gxf3 Rg8+ 36.Kh1 Rg6 37.Rg1 Rxg1+
38.Kxg1 Bf8 39.Kf2 Qe7 40.Nxe5 Qxe5 41.Qxe5 dxe5 42.Bxf8 Kg6 43.h4 Kf7 44.Bb4 Ke6
45.Ke2 Na7 46.c7 Kd7 47.Bc3 Nxb5 48.Bxe5 Nxc7 49.Bxf4 Ne6 50.Be5 b5 51.Ke3 Kc6
52.f4 b4 53.f5 Nd8 54.Kf4 Nf7 55.Bb2 Kd7 56.e5 Ke7 57.Ke4 Nh6 58.Kf4 Nf7
59.Bd4 b3 60.Bb2 Ke8 61.f6 Kd7 62.Kf5 Nd8 63.Kg6 Ke6 64.Kxh5 Nf7 65.Kg4 Nxe5+
66.Bxe5 Kxe5 67.f7 b2 68.f8=Q b1=Q 69.Qe7+ Kd5 70.Qg5+ Ke6 71.Kh5 Qh7+ 72.Kg4 Qe4+
73.Qf4  1/2-1/2

[Event "Dreifluesse op"]
[Site "Passau"]
[Date "1998.04.12"]
[Round "5"]
[White "Deglmann, Ludwig"]
[Black "Schelle, Artur"]
[Result "1-0"]
[WhiteElo "2240"]
[BlackElo "2200"]

1.Nf3 Nf6 2.d4 g6 3.c4 Bg7 4.Nc3 d6 5.e4 O-O 6.Be2 e5 7.O-O Nc6 8.d5 Ne7
9.Ne1 Nd7 10.Be3 f5 11.f3 Nf6 12.c5 f4 13.Bf2 g5 14.a4 Ng6 15.a5 h5 16.cxd6 cxd6
17.Nb5 g4 18.Nxa7 Rxa7 19.Bxa7 g3 20.Bb6 Qe7 21.Rc1 Nh7 22.Rxc8 Rxc8 23.h3 Qh4
24.Bb5 Ngf8 25.Qa4 Ng5 26.Bd7 Rc1 27.Bf5  1-0

[Event "Dreifluesse op"]
[Site "Passau"]
[Date "1998.04.12"]
[Round "5"]
[White "Loesch, Yvonne"]
[Black "Pruefer, Stefan"]
[Result "0-1"]
[WhiteElo "2105"]
[BlackElo "1838"]

1.Nf3 Nf6 2.c4 g6 3.Nc3 Bg7 4.e4 d6 5.d4 O-O 6.Be2 e5 7.O-O Nc6 8.d5 Ne7
9.b4 a5 10.Ba3 Nd7 11.Nb5 axb4 12.Bxb4 f5 13.Nd2 Nc5 14.f3 Na6 15.Bc3 Bh6
16.Nb3 Be3+ 17.Kh1 f4 18.Bd2 Bb6 19.a4 Rf6 20.a5 Bc5 21.Qc2 g5 22.Nxc5 Nxc5
23.Bb4 Na6 24.Ba3 Rh6 25.c5 Qe8 26.cxd6 Qh5 27.Kg1 Qxh2+ 28.Kf2 Qg3+ 29.Kg1 Bh3
30.Bc4 cxd6 31.Nxd6 Bd7 32.Rab1 Ng6 33.Rxb7 Ba4 34.Qxa4 Nh4 35.Qc2 Qh2+ 36.Kf2 Qxg2+  0-1

[Event "Dreifluesse op"]
[Site "Passau"]
[Date "1998.04.12"]
[Round "6"]
[White "Loesch, Yvonne"]
[Black "Webersberger, Johann"]
[Result "1/2-1/2"]
[WhiteElo "2105"]
[BlackElo "1749"]

1.Nf3 Nf6 2.c4 g6 3.Nc3 Bg7 4.e4 d6 5.d4 O-O 6.Be2 e5 7.O-O Nc6 8.d5 Ne7
9.b4 a5 10.Ba3 Nd7 11.bxa5 Rxa5 12.Bb4 Ra8 13.a4 f5 14.Nd2 h5 15.Nb3 Nf6
16.Qc2 fxe4 17.Nxe4 Bf5 18.Bd3 Nxe4 19.Bxe4 Qd7 20.a5 Bh6 21.f3 Bxe4 22.fxe4 Rxf1+
23.Rxf1 Rf8 24.Rxf8+ Kxf8 25.Bd2 Ng8 26.Bxh6+ Nxh6 27.c5 Qb5 28.cxd6 cxd6
29.h3 Nf7 30.Kf2 b6 31.axb6 Qxb6+ 32.Kg3 Ke7 33.Nd2 Qe3+ 34.Kh2 Qb6 35.Nf3 Qd8
36.Nh4 Kf6 37.Qc3 Kg7 38.Nf3 Qf6 39.Qc4 Qf4+ 40.Kh1 Qf6 41.Kh2  1/2-1/2

[Event "GRE-chT"]
[Site "Poros"]
[Date "1998.04.20"]
[Round "1"]
[White "Nikolaidis, Konstantinos"]
[Black "Mitigas, Spyridon"]
[Result "1-0"]
[WhiteElo "2350"]
[BlackElo "2070"]

1.d4 Nf6 2.c4 g6 3.Nc3 Bg7 4.e4 d6 5.Be2 O-O 6.Nf3 e5 7.O-O Nc6 8.d5 Ne7
9.b4 Nh5 10.Re1 Nf4 11.Bf1 a5 12.Ba3 b6 13.bxa5 Rxa5 14.Bb4 Ra8 15.a4 Bg4
16.Re3 Bh6 17.h3 Nxh3+ 18.gxh3 Bxe3 19.fxe3 Bh5 20.Be2 h6 21.Kh2 Bxf3 22.Bxf3 f5
23.Ra2 Kh7 24.Nb5 Ng8 25.Qe1 Rf7 26.a5 Qf6 27.exf5 gxf5 28.Rg2 Rg7 29.axb6 Rxg2+
30.Bxg2 cxb6 31.Bxd6 Rd8 32.Bc7 Rd7 33.Qc3 Qg5 34.Bxe5 h5 35.Nd4 Ra7 36.Ne6 Qe7  1-0

[Event "Serbian-ch 29th"]
[Site "Sabac"]
[Date "1998.04.21"]
[Round "2"]
[White "Antic, Dejan"]
[Black "Vuckovic, Bojan"]
[Result "1-0"]
[WhiteElo "2460"]
[BlackElo "2320"]

1.d4 Nf6 2.Nf3 g6 3.c4 Bg7 4.Nc3 O-O 5.e4 d6 6.Be2 e5 7.O-O Nc6 8.d5 Ne7
9.b4 Nh5 10.Re1 Nf4 11.Bf1 a5 12.bxa5 Rxa5 13.a4 c5 14.Ra3 h6 15.Nd2 Ra6
16.Nb5 g5 17.g3 Nfg6 18.Bg2 f5 19.exf5 Nxf5 20.Ne4 Nd4 21.h3 Bf5 22.Rf1 Qd7
23.g4 Bxe4 24.Bxe4 Nf4 25.Nxd4 exd4 26.Bf5 Qe7 27.Bxf4 gxf4 28.Qf3 Be5 29.Kh1 Kh8
30.Be6 Rb6 31.g5 Qxg5 32.Rg1 Qh4 33.Rg4 Rb1+ 34.Kg2 Qf6 35.h4 Qd8 36.Qe4 Rc1
37.Rf3 Rc3 38.h5 Rxf3 39.Kxf3 Qe7 40.Rg6 Bg7 41.Rg4 Qf6 42.a5 d3 43.Qxd3 Qa1
44.Rh4 Be5 45.Rh3 Qxa5 46.Qg6 Bg7 47.Bf5 Rxf5 48.Qxf5 Be5 49.Qc8+ Kg7 50.Qxb7+  1-0

[Event "GRE-chT"]
[Site "Poros"]
[Date "1998.04.22"]
[Round "4"]
[White "Rychagov, Andrei"]
[Black "Cela, Altin"]
[Result "1-0"]
[WhiteElo "2495"]
[BlackElo "2445"]

1.d4 Nf6 2.c4 g6 3.Nc3 Bg7 4.e4 O-O 5.Nf3 d6 6.Be2 e5 7.O-O Nc6 8.d5 Ne7
9.b4 Nh5 10.Re1 a5 11.bxa5 Rxa5 12.a4 c5 13.Ra3 h6 14.Nb5 Ra6 15.Nd2 Nf4
16.Bf1 g5 17.g3 Nfg6 18.Be2 f5 19.exf5 Nxf5 20.Bh5 Nge7 21.Bg4 Kh8 22.Ne4 Ng8
23.Rf3 Bd7 24.Bb2 Nge7 25.Nexd6 Nxd6 26.Rxf8+ Qxf8 27.Bxd7 Nxc4 28.Ba1 Nb6
29.Be6 Rxa4 30.Nd6 e4 31.Bxg7+ Qxg7 32.Nxe4 Rd4 33.Qh5 Nbxd5 34.Qe8+ Ng8
35.Nd6 Ne7 36.Bxg8 Nxg8 37.Nf5 Qf6 38.Nxd4 Qxd4 39.Qe5+  1-0

[Event "RUS-ch (Women)"]
[Site "Elista"]
[Date "1998.04.23"]
[Round "2.2"]
[White "Ovod, Evgenija"]
[Black "Lundina, Aelita"]
[Result "1-0"]
[WhiteElo "2375"]
[BlackElo "2250"]

1.d4 Nf6 2.c4 g6 3.Nc3 Bg7 4.e4 d6 5.Nf3 O-O 6.Be2 e5 7.O-O Nc6 8.d5 Ne7
9.Ne1 Nd7 10.Be3 f5 11.f3 f4 12.Bf2 g5 13.Rc1 Ng6 14.c5 Nf6 15.cxd6 cxd6
16.Nb5 g4 17.Nc7 g3 18.hxg3 Nh5 19.g4 Ng3 20.Nxa8 Qh4 21.Bxa7 Bxg4 22.Nd3 Bf6
23.Nf2 Rxa8 24.fxg4 Nxf1 25.Kxf1 Rxa7 26.Rc8+ Bd8 27.Qb3 Kf7 28.a3 Qe7 29.g5 b6
30.Qh3 Nf8 31.Qh5+ Kg7 32.Qh6+ Kh8 33.Qf6+ Kg8 34.Rxd8  1-0

[Event "Zepter op"]
[Site "Minsk"]
[Date "1998.04.29"]
[Round "5"]
[White "Solovjov, Sergey"]
[Black "Maljush, Andrej"]
[Result "1-0"]
[WhiteElo "2450"]
[BlackElo "2290"]

1.Nf3 Nf6 2.c4 g6 3.Nc3 Bg7 4.e4 d6 5.d4 O-O 6.Be2 e5 7.O-O Nc6 8.d5 Ne7
9.Ne1 Nd7 10.Be3 f5 11.f3 Nf6 12.c5 f4 13.Bf2 g5 14.Rc1 Ng6 15.cxd6 cxd6
16.Nb5 Ne8 17.Nxa7 Bd7 18.Qb3 h5 19.Nc6 bxc6 20.dxc6+ Kh7 21.cxd7 Qxd7 22.Bb5 Qe7
23.Bc6 Rc8 24.a4 g4 25.Bb6 Qg5 26.Rc2 Nf6 27.a5 Nh4 28.Bb7 Rxc2 29.Qxc2 Nd7
30.Bc7 Qe7 31.Qc6 Nc5 32.Bxd6 Qxb7 33.Qxb7 Nxb7 34.Bxf8 Bxf8 35.a6 Bc5+ 36.Kh1 Nd6
37.Nd3 Bd4 38.Nb4  1-0

[Event "Serbian-ch 29th"]
[Site "Sabac"]
[Date "1998.04.29"]
[Round "10"]
[White "Zontakh, Andrey"]
[Black "Relange, Eloi"]
[Result "1/2-1/2"]
[WhiteElo "2545"]
[BlackElo "2490"]

1.d4 Nf6 2.c4 g6 3.Nc3 Bg7 4.e4 d6 5.Nf3 O-O 6.Be2 e5 7.O-O Nc6 8.d5 Ne7
9.b4 Nh5 10.Re1 f5 11.c5 Nf6 12.Bg5 Nxe4 13.Nxe4 fxe4 14.Nd2 h6 15.Bxe7 Qxe7
16.Nxe4 Bf5 17.Bc4 Kh8 18.cxd6 cxd6 19.Rc1 Qc7 20.Qd2 Qb6 21.a4 Rad8 22.Ng3 a6
23.a5 Qa7 24.Bf1 Rf7 25.Rc4 Rdf8 26.Qe3 Qxe3 27.Rxe3 Bf6 28.Ne4 Bxe4 29.Rexe4 Bd8
30.f3 Rc7 31.Rxc7 Bxc7 32.Rc4 Bb8 33.Bd3 Kg7 34.Kf1 g5 35.Ke2 h5 36.g3 Kf6
37.h3 Rh8 38.Be4 Rf8 39.Rc1 Ke7 40.Kd3 Kd8 41.g4 h4 42.Bf5 Bc7 43.Kc4 Rf7
44.Kb3 Rg7 45.Ka4 Rf7 46.b5 axb5+ 47.Kxb5 Re7 48.Ka4 Rf7 49.Rc3 Re7 50.Rc2 Rf7
51.Rc4 Rg7 52.Rb4 Bb8 53.a6 Ba7 54.axb7 Kc7 55.Bd3 Kb8 56.Ba6 Rc7 57.Kb3 Rc1
58.Rc4 Rxc4 59.Kxc4 Kc7 60.Kb5 Bb8  1/2-1/2

[Event "ARG-ch"]
[Site "Buenos Aires"]
[Date "1998.04.30"]
[Round "14"]
[White "Slipak, Sergio"]
[Black "Fiorito, Fabian"]
[Result "1/2-1/2"]
[WhiteElo "2510"]
[BlackElo "2455"]

1.d4 Nf6 2.Nf3 g6 3.c4 Bg7 4.Nc3 O-O 5.e4 d6 6.Be2 e5 7.O-O Nc6 8.d5 Ne7
9.Be3 Ng4 10.Bd2 f5 11.Ng5 Nf6 12.exf5 gxf5 13.f4 e4 14.Be3 h6 15.Nh3 a6
16.Qd2 Qe8 17.Bd4  1/2-1/2

[Event "SVR-ch MB"]
[Site "Nickenich"]
[Date "1998.04.??"]
[Round "?"]
[White "Schaefer, Wolfgang"]
[Black "Ganser, Johannes"]
[Result "1/2-1/2"]
[WhiteElo "1955"]
[BlackElo "1965"]

1.Nf3 Nf6 2.c4 g6 3.Nc3 Bg7 4.e4 d6 5.d4 O-O 6.Be2 e5 7.O-O Nc6 8.d5 Ne7
9.b4 Nd7 10.Ba3 h6 11.c5 f5 12.Nd2 Nf6  1/2-1/2

[Event "SVR-ch MB"]
[Site "Nickenich"]
[Date "1998.04.??"]
[Round "?"]
[White "Schaefer, Wolfgang"]
[Black "Kindt, Andreas"]
[Result "1/2-1/2"]
[WhiteElo "1955"]
[BlackElo "1915"]

1.Nf3 Nf6 2.c4 g6 3.Nc3 Bg7 4.e4 d6 5.d4 O-O 6.Be2 e5 7.O-O Nc6 8.d5 Ne7
9.b4 Nh5 10.Re1 Nf4 11.Bf1 Bg4 12.h3 Bd7 13.Bxf4 exf4 14.Rc1 a5 15.b5 Re8
16.Qd2 Kh8 17.Qxf4 Kg8 18.Qd2 Nc8 19.e5 h6 20.exd6 Nxd6 21.Rxe8+ Qxe8 22.Re1 Qf8
23.Nd4 Re8 24.Nc6  1/2-1/2

[Event "FRA-chT"]
[Site "FRA"]
[Date "1998.05.09"]
[Round "9"]
[White "Lecuyer, Christian"]
[Black "Blachier, Pierre"]
[Result "1-0"]
[WhiteElo "2265"]
[BlackElo "2145"]

1.Nf3 Nf6 2.c4 d6 3.d4 g6 4.Nc3 Bg7 5.e4 O-O 6.Be2 e5 7.O-O Nc6 8.d5 Ne7
9.b4 Nh5 10.Re1 Nf4 11.Bf1 f5 12.Bxf4 exf4 13.Rc1 Bxc3 14.Rxc3 fxe4 15.Rxe4 Bg4
16.h3 Bxf3 17.Qxf3 g5 18.Qh5 Nf5 19.c5 Qf6 20.Rc1 Ng7 21.Qf3 Rfe8 22.Bd3 Re7
23.Rxe7 Qxe7 24.cxd6 cxd6 25.a4 a6 26.Qg4 Rf8 27.b5 axb5 28.axb5 h5 29.Qf3 Ra8
30.b6 Qe5 31.Kh2 Qd4 32.Qe4 Qxe4 33.Bxe4 Ne8 34.Bf5 Kf7 35.Rc7+ Kf6 36.Bd7 Rb8
37.Bxe8 Rxe8 38.Rxb7 Ke5 39.Rg7 Kxd5 40.Rxg5+ Kc6 41.Rxh5 Kxb6 42.Rf5 Re4
43.h4 Kc6 44.Kh3 d5 45.Kg4 f3+ 46.Kxf3 Rxh4 47.Ke3 Kd6 48.f3 Ra4 49.g4 Ra3+
50.Kd4 Ra4+ 51.Kc3 Ke6 52.Kd3 Rb4 53.Rf8 Ke7 54.Rf5 Ke6 55.Rf8 Ke7 56.Rg8 Rb3+
57.Ke2 Kf6 58.Kf2 Rb7 59.Ke3 Rb4 60.f4 Rb3+ 61.Kf2 Rb6 62.Rd8 Ke6 63.Kg3 Rb5
64.g5 Ke7 65.Ra8 d4 66.Kf3 d3 67.Ke3 Rd5 68.Ra2 Ke6 69.Rd2 Kf5 70.Rxd3 Ra5
71.Kf3 Rb5 72.Re3  1-0

[Event "Boca Juniors op"]
[Site "Buenos Aires"]
[Date "1998.05.10"]
[Round "4"]
[White "Hoffman, Alejandro"]
[Black "Fiorito, Fabian"]
[Result "0-1"]
[WhiteElo "2510"]
[BlackElo "2455"]

1.d4 Nf6 2.c4 g6 3.Nc3 Bg7 4.e4 d6 5.Nf3 O-O 6.Be2 e5 7.O-O Nc6 8.d5 Ne7
9.Bg5 Ne8 10.Nd2 h6 11.Be3 f5 12.f3 f4 13.Bf2 h5 14.a4 g5 15.c5 Rf6 16.a5 Rg6
17.cxd6 cxd6 18.Nb5 Bd7 19.Nxa7 Nc8 20.Nxc8 Rxc8 21.Qb3 g4 22.Kh1 g3 23.Ba7 Qh4
24.Bg1 Bh3  0-1

[Event "Capablanca mem 33th Premier"]
[Site "Havana"]
[Date "1998.05.15"]
[Round "8"]
[White "Rivera, Alberto"]
[Black "Vazquez, Renier"]
[Result "1-0"]
[WhiteElo "2415"]
[BlackElo "2405"]

1.d4 Nf6 2.c4 g6 3.Nc3 Bg7 4.e4 d6 5.Be2 O-O 6.Nf3 e5 7.O-O Nc6 8.d5 Ne7
9.Nd2 a5 10.a3 Bd7 11.b3 c6 12.Bb2 Bh6 13.Kh1 Nc8 14.c5 dxc5 15.Nc4 Qe7 16.d6 Qe6
17.Na4 Nxe4 18.f3 Nexd6 19.Nxc5 Qe7 20.Nxd7 Qxd7 21.Nxe5 Qe6 22.Ng4 Bg7 23.Bxg7 Kxg7
24.Re1 Qd5 25.Qc2 h5 26.Bc4 Qf5 27.Bd3 Qf4 28.Qc3+ f6 29.Nf2 Nb6 30.Nh3 Qh4
31.Qc5 Nbc8 32.Re6 Rd8 33.Rae1 b6 34.Qc3 c5 35.R1e4 Nxe4 36.Rxe4 Qxe4 37.fxe4 Rd4
38.Nf4 Nd6 39.Ne6+  1-0

[Event "Warsaw-ch"]
[Site "Warsaw"]
[Date "1998.05.24"]
[Round "2"]
[White "Pinski, Jan"]
[Black "Szewczyk, Mariusz"]
[Result "1/2-1/2"]
[WhiteElo "2330"]
[BlackElo "2165"]

1.Nf3 Nf6 2.d4 g6 3.c4 Bg7 4.Nc3 O-O 5.e4 d6 6.Be2 e5 7.O-O Nc6 8.d5 Ne7
9.Bd2 Ne8 10.Rc1 f5 11.Qb3 Nf6 12.c5 fxe4 13.cxd6 cxd6 14.Nxe5 Kh8 15.Nc4 Nexd5
16.Nb5 a6 17.Nc3 Nxc3 18.Bxc3 b5 19.Na5 d5 20.Bb4 Rf7 21.Nc6 Qe8 22.Qg3 Nh5
23.Bxh5 gxh5 24.Bc3 Bxc3 25.Qxc3+ Rg7 26.Ne5 Be6 27.f4 exf3 28.Qxf3 Qe7 29.Nc6 Qg5
30.Rce1 Bg4 31.Qf4 h6  1/2-1/2

[Event "Brazilian City Cup 2nd"]
[Site "Brasilia"]
[Date "1998.05.26"]
[Round "7"]
[White "Rocha, Wellington Carlos"]
[Black "Batista, Gerson P"]
[Result "1-0"]
[WhiteElo "2325"]
[BlackElo "2165"]

1.d4 Nf6 2.Nf3 g6 3.c4 Bg7 4.Nc3 O-O 5.e4 d6 6.Be2 e5 7.O-O Nc6 8.d5 Ne7
9.b4 Nh5 10.Re1 f5 11.Ng5 Nf6 12.f3 c6 13.Rb1 cxd5 14.cxd5 h6 15.Ne6 Bxe6
16.dxe6 fxe4 17.fxe4 Qb6+ 18.Kh1 Rac8 19.Qd3 Rxc3 20.Qxc3 Nxe4 21.Qe3 d5
22.Qxb6 axb6 23.Bb2 d4 24.Kg1 h5 25.Rbc1 Bh6 26.Bf3 Nd2 27.Rc7 Nxf3+ 28.gxf3 Nd5
29.Rxb7 Be3+ 30.Kh1 Re8 31.Bc1 Rxe6 32.Bxe3 dxe3 33.Rd7 Nxb4 34.Rxe3 Nc6
35.Ra3 Ne7 36.Ra6 Kf8 37.Rb7 Rc6 38.Ra8+ Kf7 39.Raa7 Re6 40.Kg1 Kf6 41.h4 e4
42.f4 e3 43.Kf1 Re4 44.Rxb6+ Kf5 45.Rbb7 Nc6 46.Ra3 Nd4 47.Rc3 Kxf4 48.Rf7+ Kg4
49.a4 Kxh4 50.Ra3 Nf5 51.a5 e2+ 52.Ke1 Ng3 53.a6 Rd4 54.Ra1 Rd8 55.a7 Kg4
56.a8=Q Rxa8 57.Rxa8 g5 58.Rf2  1-0

[Event "Internet"]
[Site "ICC Moscow-Tel Aviv"]
[Date "1998.05.26"]
[Round "1"]
[White "Vovsha, Eli"]
[Black "Evelev, Vladimir M"]
[Result "0-1"]
[WhiteElo "2235"]
[BlackElo "2220"]

1.Nf3 Nf6 2.c4 g6 3.Nc3 Bg7 4.e4 d6 5.d4 O-O 6.Be2 e5 7.O-O Nc6 8.d5 Ne7
9.Nd2 a5 10.Rb1 Bd7 11.b3 Ne8 12.a3 c5 13.b4 b6 14.Qb3 Nc8 15.Rb2 f5 16.f3 Bh6
17.Ndb1 Bxc1 18.Rxc1 Qg5 19.Rf1 Nf6 20.Nd2 Qe3+ 21.Kh1 Nh5 22.bxc5 bxc5 23.Bd1 a4
24.Qc2 Rf6 25.Ndb1 fxe4 26.Nxe4 Rf4 27.Qd2 Qxe4 28.g3 Qxc4 29.Be2 Qd4 30.gxf4 Nxf4
31.Qxd4 exd4 32.Bc4 Ne7 33.Rb7 Rd8 34.Nd2 Kf8 35.Ne4 Nexd5 36.Bb5 Bh3 37.Re1 Bg2+
38.Kg1 Ne3 39.Rxe3 dxe3 40.Ng5 Nh3+ 41.Kxg2 Nxg5 42.f4 Ne6 43.Rxh7 Kg8 44.Re7 Nxf4+
45.Kf3 Rf8 46.Rd7 Nd5+ 47.Ke2 Nc3+ 48.Kxe3 Nxb5  0-1

[Event "Warsaw-ch"]
[Site "Warsaw"]
[Date "1998.05.28"]
[Round "6"]
[White "Ponceleusz, Bronislaw"]
[Black "Deszczynski, Adam"]
[Result "1/2-1/2"]
[WhiteElo "2105"]
[BlackElo "2290"]

1.d4 Nf6 2.c4 g6 3.Nc3 Bg7 4.e4 d6 5.Be2 O-O 6.Nf3 e5 7.O-O Nc6 8.d5 Ne7
9.b4 Nh5 10.Re1 Nf4 11.Bf1 h6 12.Bxf4 exf4 13.Qd2 Bg4 14.Nd4 g5 15.a4 a5
16.Rab1 axb4 17.Rxb4 c5 18.dxc6 Nxc6 19.Nxc6 bxc6 20.h3 Be6 21.Rb3 Qa5 22.Rd1 Rfd8
23.Be2 Rdb8 24.Rxb8+ Rxb8 25.Nb1 Qc5 26.Qd3 Rb4 27.Nd2 Rxa4 28.Bg4 Ra3 29.Qe2 Bxg4
30.hxg4 Ra2 31.Qf3 Qd4 32.Nb3 Qxc4 33.Rxd6 Bc3 34.Qh3 Be1 35.Qxh6 Bxf2+ 36.Kh2 Bb6
37.Qxg5+ Kf8 38.Qh6+ Kg8 39.Qg5+ Kf8 40.Qh6+ Kg8 41.Nd4 Qc5 42.Rg6+ fxg6
43.Qxg6+ Kh8 44.Qe8+ Kh7 45.Qf7+ Kh8 46.Qe8+  1/2-1/2

[Event "Budapest FS06 IM"]
[Site "Budapest"]
[Date "1998.06.06"]
[Round "1"]
[White "Szeberenyi, Adam"]
[Black "Resika, Nathan A"]
[Result "1/2-1/2"]
[WhiteElo "2220"]
[BlackElo "2170"]

1.d4 Nf6 2.c4 g6 3.Nc3 Bg7 4.e4 d6 5.Be2 O-O 6.Nf3 e5 7.O-O Nc6 8.d5 Ne7
9.b4 Nh5 10.Re1 f5 11.Ng5 Nf4 12.Bxf4 exf4 13.Rc1 Bf6 14.Ne6 Bxe6 15.dxe6 Bxc3
16.Rxc3 fxe4 17.Bf1 e3 18.fxe3 c6 19.Qd4 Nf5 20.Qxf4 Qf6 21.Rd3 Qxe6 22.g3 Rae8
23.Bh3 Qe4 24.Qxe4 Rxe4 25.Bxf5 Rxf5 26.Rd4 Rfe5 27.Rf1 Rxe3 28.Rxd6 Re7
29.Rfd1 R3e4 30.R1d4 Re3 31.Kf2 Kf7  1/2-1/2

[Event "Garcia mem Masters"]
[Site "Santa Clara"]
[Date "1998.06.08"]
[Round "13"]
[White "Gamboa, Nelson"]
[Black "Perez, Luis Manuel"]
[Result "1/2-1/2"]
[WhiteElo "2405"]
[BlackElo "2310"]

1.d4 Nf6 2.c4 g6 3.Nc3 Bg7 4.e4 d6 5.Nf3 O-O 6.Be2 e5 7.O-O Nc6 8.d5 Ne7
9.b4 Nh5 10.c5 f5 11.Ng5 Nf4 12.Bc4 h6 13.Ne6 Bxe6 14.dxe6 fxe4 15.g3 d5
16.Bb3 Nxe6 17.Nxd5 Kh7 18.Nxe7 Qxe7 19.Qd5 Nd4 20.Qxe4 c6 21.Bc4 Rad8 22.Be3 Qd7
23.Bxd4 Qxd4 24.Rae1 a5 25.a3 axb4 26.axb4 Qd2 27.Re2 Qg5 28.h4 Qh5 29.Re3 Rd4
30.Qc2 Rfd8 31.b5 Rd2 32.Qb3 Qg4 33.bxc6 bxc6 34.Be6 Qd4 35.h5 Qxc5 36.hxg6+ Kxg6
37.Rf3 Kh7 38.Bf5+ Kh8 39.Qf7 R2d6 40.Kg2 Rf8 41.Qb3 Qd5 42.g4 Qxb3 43.Rxb3 Rf7
44.Rc1 Bf8 45.Re3 Bg7 46.Rec3 Rc7 47.Be4 Bf6  1/2-1/2

[Event "Budapest FS06 GM"]
[Site "Budapest"]
[Date "1998.06.14"]
[Round "9"]
[White "Stocek, Jiri"]
[Black "Borge, Nikolaj"]
[Result "1/2-1/2"]
[WhiteElo "2450"]
[BlackElo "2390"]

1.Nf3 Nf6 2.c4 g6 3.Nc3 Bg7 4.e4 d6 5.d4 O-O 6.Be2 e5 7.O-O Nc6 8.d5 Ne7
9.b4 Nh5 10.Re1 a5 11.Ba3 b6 12.bxa5 Rxa5 13.Bb4 Ra8 14.a4 f5 15.a5 Nf6 16.Bf1 Nxe4
17.Nxe4  1/2-1/2

[Event "Voronezh op"]
[Site "Voronezh"]
[Date "1998.06.16"]
[Round "5"]
[White "Ulko, Jaroslav"]
[Black "Gulkov, Igor A"]
[Result "1-0"]
[WhiteElo "2420"]
[BlackElo "2230"]

1.d4 Nf6 2.c4 g6 3.Nc3 Bg7 4.e4 d6 5.Nf3 O-O 6.Be2 e5 7.O-O Nc6 8.d5 Ne7
9.b4 a5 10.Ba3 axb4 11.Bxb4 Nd7 12.a4 Bh6 13.Nd2 f5 14.Bd3 Kh8 15.Nb3 Nf6
16.c5 fxe4 17.Bxe4 Nf5 18.g3 Ng7 19.Bg2 Ngh5 20.Nd2 Bg4 21.Qe1 Qd7 22.f3 Bf5
23.Nde4 Bxe4 24.fxe4 dxc5 25.Bxc5 Rf7 26.Kh1 b6 27.Bg1 Raf8 28.Qe2 Ne8 29.Rxf7 Rxf7
30.a5 bxa5 31.Rxa5 Nd6 32.Na4 Nf6 33.Nc5  1-0

[Event "CZE-ch"]
[Site "Zlin"]
[Date "1998.06.18"]
[Round "6"]
[White "Babula, Vlastimil"]
[Black "Vokac, Marek"]
[Result "1-0"]
[WhiteElo "2555"]
[BlackElo "2510"]

1.d4 Nf6 2.c4 g6 3.Nc3 Bg7 4.e4 O-O 5.Nf3 d6 6.Be2 e5 7.O-O Nc6 8.d5 Ne7
9.b4 c6 10.dxc6 bxc6 11.Bg5 Be6 12.Rc1 h6 13.Bxf6 Bxf6 14.Qd2 g5 15.Rcd1 g4
16.Ne1 Bg5 17.Qxd6 Qxd6 18.Rxd6 Rfd8 19.Rxd8+ Rxd8 20.Nd3 Bd2 21.Nb1 Bxc4
22.Nxd2 Bxd3 23.Bxd3 Rxd3 24.Nb3 Kg7 25.Rc1 f5 26.exf5 Kf6 27.Kf1 Kxf5 28.Ke2 Rd6
29.a3 h5 30.g3 h4 31.Na5 Kg5 32.Rc5 Rd5 33.Rc3 Rd6 34.Rc5 Rd5 35.Rc3 Rd6
36.Nc4 Re6 37.Ne3 Nd5 38.Rc5 Nf6 39.Ra5 Re7 40.Rc5 Re6 41.Ra5 Re7 42.gxh4+ Kf4
43.Ra6 Nd5 44.Rxc6 Nxe3 45.fxe3+ Kf5 46.h5 Kg5 47.h6 Rf7 48.b5 e4 49.a4 Kh4
50.a5 Rb7 51.b6 axb6 52.axb6 Kh3 53.Rc5 Rxb6 54.Rh5+  1-0

[Event "Voronezh op"]
[Site "Voronezh"]
[Date "1998.06.19"]
[Round "8"]
[White "Atalik, Suat"]
[Black "Ulko, Jaroslav"]
[Result "0-1"]
[WhiteElo "2595"]
[BlackElo "2420"]

1.d4 Nf6 2.c4 g6 3.Nc3 Bg7 4.e4 d6 5.Be2 O-O 6.Nf3 e5 7.O-O Nc6 8.d5 Ne7
9.Ne1 Nd7 10.Be3 f5 11.f3 f4 12.Bf2 g5 13.Rc1 Ng6 14.c5 Nxc5 15.b4 Na6 16.Nb5 Bf6
17.Nxa7 Nxb4 18.Qa4 b6 19.Bb5 Ba6 20.Qxb4 Rxa7 21.Bxa6 Rxa6 22.Qc4 Ra7 23.Nd3 Qd7
24.Nb4 h5 25.Na6 Rf7 26.Nb8 Qe8 27.Nc6 Ra8 28.Qe2 Qd7 29.Rc3 g4 30.Rfc1 Rg7
31.Kh1 g3 32.Be1 gxh2 33.Nb4 Bd8 34.Qc4 Qf7 35.Qc6 Ra7 36.Qb5 Bh4 37.Bd2 Bf2
38.R3c2 h4 39.Qf1 Bc5 40.Nd3 h3 41.Be1 Be3 42.gxh3 Bxc1 43.Nxc1 Nf8 44.Kxh2 Nh7
45.Nd3 Qh5 46.Rg2 Ng5 47.Rg4 Rxa2+  0-1

[Event "Copenhagen op"]
[Site "Copenhagen"]
[Date "1998.06.21"]
[Round "1"]
[White "Grabliauskas, Virginijus"]
[Black "Larsen, Karsten"]
[Result "1-0"]
[WhiteElo "2465"]
[BlackElo "2245"]

1.d4 Nf6 2.c4 g6 3.Nc3 Bg7 4.e4 d6 5.Nf3 O-O 6.Be2 e5 7.O-O Nc6 8.d5 Ne7
9.Ne1 Nd7 10.Be3 f5 11.f3 f4 12.Bf2 g5 13.a4 Ng6 14.a5 h5 15.Nb5 Nf6 16.Nxa7 Bd7
17.c5 g4 18.c6 g3 19.hxg3 fxg3 20.Bxg3 Rxa7 21.cxd7 Qxd7 22.Nd3 Bh6 23.f4 Nxe4
24.Bh2 h4 25.Bg4 Qg7 26.Be6+ Kh8 27.Qe2 Ng3 28.Bxg3 hxg3 29.fxe5 Raa8 30.exd6 Qd4+
31.Kh1 Qh4+ 32.Bh3 cxd6 33.Qe6 Nf4 34.Nxf4 Bxf4 35.Qd7 Be5 36.Qxb7 Qc4 37.Rf5 Qe2
38.a6 Qxb2 39.Rh5+  1-0

[Event "Copenhagen op"]
[Site "Copenhagen"]
[Date "1998.06.26"]
[Round "6"]
[White "Adamski, Jan"]
[Black "Gullaksen, Eirik T"]
[Result "1/2-1/2"]
[WhiteElo "2345"]
[BlackElo "2345"]

1.d4 Nf6 2.Nf3 g6 3.c4 Bg7 4.Nc3 O-O 5.e4 d6 6.Be2 e5 7.O-O Nc6 8.Be3 Ng4
9.Bg5 f6 10.Bc1 f5 11.Bg5 Bf6 12.Bxf6 Nxf6 13.exf5 Bxf5 14.dxe5  1/2-1/2